The Penguin dictionary of economics / (Record no. 680)
[ view plain ]
| 000 -LEADER | |
|---|---|
| fixed length control field | 01129nam a2200325 a 4500 |
| 001 - CONTROL NUMBER | |
| control field | 680 |
| 003 - CONTROL NUMBER IDENTIFIER | |
| rucl marc code | BD-RjUL |
| 005 - DATE AND TIME OF LATEST TRANSACTION | |
| control field | 20211208233222.0 |
| 008 - FIXED-LENGTH DATA ELEMENTS--GENERAL INFORMATION | |
| fixed length control field | 030908s2003 enka d 000 0 eng |
| 020 ## - INTERNATIONAL STANDARD BOOK NUMBER | |
| International Standard Book Number | 9780141010755 |
| 035 ## - SYSTEM CONTROL NUMBER | |
| System control number | (BD-RjUL)700 |
| 040 ## - CATALOGING SOURCE | |
| Original cataloging agency | DLC |
| Transcribing agency | DLC |
| Modifying agency | DLC |
| -- | BD-RjUL |
| Language of cataloging | eng |
| 041 ## - LANGUAGE CODE | |
| Language code of text/sound track or separate title | eng |
| 082 00 - DEWEY DECIMAL CLASSIFICATION NUMBER | |
| Classification number | 330.03 |
| Edition number | 22 |
| Author mark and year | PEN 2003 |
| 100 1# - MAIN ENTRY--PERSONAL NAME | |
| Personal name | Bannock, Graham. |
| 9 (RLIN) | 116056 |
| 245 14 - TITLE STATEMENT | |
| Title | The Penguin dictionary of economics / |
| Statement of responsibility, etc. | Graham Bannock, R.E. Baxter, Evan Davis. |
| 246 30 - VARYING FORM OF TITLE | |
| Title proper/short title | Dictionary of economics |
| 250 ## - EDITION STATEMENT | |
| Edition statement | 7th ed. |
| 260 ## - PUBLICATION, DISTRIBUTION, ETC. (IMPRINT) | |
| Place of publication, distribution, etc. | London ; New York : |
| Name of publisher, distributor, etc. | Penguin Books, |
| Date of publication, distribution, etc. | 2003. |
| 300 ## - PHYSICAL DESCRIPTION | |
| Pagination | vi, 407 p. : |
| Illustrations | ill. ; |
| Size | 20 cm. |
| 500 ## - GENERAL NOTE | |
| General note | "Penguin Reference"--P. [i]. |
| 650 #0 - SUBJECT ADDED ENTRY--TOPICAL TERM | |
| Topical term or geographic name as entry element | Economics |
| Form subdivision | Dictionaries. |
| 9 (RLIN) | 116057 |
| 700 1# - ADDED ENTRY--PERSONAL NAME | |
| Personal name | Baxter, R. E. |
| Fuller form of name | (Ron Eric) |
| Personal name | Davis, Evan, |
| Dates associated with a name | 1962- |
| 856 42 - ELECTRONIC LOCATION AND ACCESS | |
| Materials specified | Contributor biographical information |
| Uniform Resource Identifier | <a href="http://www.loc.gov/catdir/enhancements/fy0716/2004401955-b.html">http://www.loc.gov/catdir/enhancements/fy0716/2004401955-b.html</a> |
| Materials specified | Publisher description |
| Uniform Resource Identifier | <a href="http://www.loc.gov/catdir/enhancements/fy0716/2004401955-d.html">http://www.loc.gov/catdir/enhancements/fy0716/2004401955-d.html</a> |
| 942 ## - ADDED ENTRY ELEMENTS (KOHA) | |
| Source of classification or shelving scheme | Dewey Decimal Classification |
| Koha item type | Reference |
| Lost status | Source of classification or shelving scheme | Damaged status | Not for loan | Collection code | Permanent Location | Current Location | Shelving location | Date acquired | Source of acquisition | Cost, normal purchase price | Total Checkouts | Full call number | Date last seen | Copy number | Koha item type |
|---|---|---|---|---|---|---|---|---|---|---|---|---|---|---|---|
| Dewey Decimal Classification | Not For Loan | Reference | Central Library, University of Rajshahi | Central Library, University of Rajshahi | 22/07/2014 | Baatighar, Chittagong. | 758.10 | R 330.03 PEN 2003 | 10/02/2015 | C-1 | Reference |